<?xml version="1.0" encoding="UTF-8"?><?xml-stylesheet type="text/xsl" href="static/style.xsl"?><OAI-PMH xmlns="http://www.openarchives.org/OAI/2.0/" xmlns:xsi="http://www.w3.org/2001/XMLSchema-instance" xsi:schemaLocation="http://www.openarchives.org/OAI/2.0/ http://www.openarchives.org/OAI/2.0/OAI-PMH.xsd"><responseDate>2026-04-13T13:14:59Z</responseDate><request verb="GetRecord" identifier="oai:www.recercat.cat:2117/98055" metadataPrefix="marc">https://recercat.cat/oai/request</request><GetRecord><record><header><identifier>oai:recercat.cat:2117/98055</identifier><datestamp>2025-07-17T07:04:53Z</datestamp><setSpec>com_2072_1033</setSpec><setSpec>col_2072_452950</setSpec></header><metadata><record xmlns="http://www.loc.gov/MARC21/slim" xmlns:dcterms="http://purl.org/dc/terms/" xmlns:xsi="http://www.w3.org/2001/XMLSchema-instance" xmlns:doc="http://www.lyncode.com/xoai" xsi:schemaLocation="http://www.loc.gov/MARC21/slim http://www.loc.gov/standards/marcxml/schema/MARC21slim.xsd">
   <leader>00925njm 22002777a 4500</leader>
   <datafield ind2=" " ind1=" " tag="042">
      <subfield code="a">dc</subfield>
   </datafield>
   <datafield ind2=" " ind1=" " tag="720">
      <subfield code="a">Fontana, Maria Pia</subfield>
      <subfield code="e">author</subfield>
   </datafield>
   <datafield ind2=" " ind1=" " tag="720">
      <subfield code="a">Mayorga Cárdenas, Miguel Yuri</subfield>
      <subfield code="e">author</subfield>
   </datafield>
   <datafield ind2=" " ind1=" " tag="260">
      <subfield code="c">2016</subfield>
   </datafield>
   <datafield ind2=" " ind1=" " tag="520">
      <subfield code="a">Pocos lugares en Bogotá han sido retratados de una manera tan reiterativa y&#xd;
recurrente a lo largo del tiempo y por distintos fotógrafos, como el cruce entre la Carrera Séptima&#xd;
y la Avenida Jiménez. Espacios urbanos como la plaza de Bolívar, el aeropuerto El Dorado o el&#xd;
edificio de la Torre Avianca serían, por ejemplo, unos de ellos, por lo menos por la gran cantidad&#xd;
de fotografías existentes en los principales archivos de Bogotá.&#xd;
Son lugares o edificios tan representativos que entran a ser parte de la iconografía de la ciudad&#xd;
y del imaginario colectivo de los habitantes y en donde, en el caso del cruce, los edificios y&#xd;
el escenario urbano han ido cambiando, sin que cambie la vitalidad y la fuerte identidad del&#xd;
sitio. Vamos a presentar a los lectores dos diferentes aproximaciones a un mismo lugar, el cruce&#xd;
más importante de la ciudad de Bogotá, retratado a través de múltiples miradas y a partir de&#xd;
un material fotográfico muy amplio y variado que constituye nuestra colección personal de&#xd;
fotografías de este cruce: nos aproximamos inicialmente, a través de una vista o mirada aérea y,&#xd;
en un segundo momento, a través de de una mirada “nómada” conformada por un reportaje de&#xd;
las diferentes esquinas del cruce en diferentes momentos de su consolidación.&#xd;
Ambas miradas conforman un itinerario urbano que transcurre en uno de los sitios histórico&#xd;
de la ciudad de Bogotá, punto de encuentro entre una traza geografíca (el río San Francisco) y&#xd;
una traza fundacional (la carrera Séptima), donde ha sido escenario de nuevas intervenciones y&#xd;
transformaciones arquitectónicas que han reafirmado en el tiempo su identidad urbana</subfield>
   </datafield>
   <datafield ind2=" " ind1=" " tag="520">
      <subfield code="a">Peer Reviewed</subfield>
   </datafield>
   <datafield ind2=" " ind1=" " tag="520">
      <subfield code="a">Postprint (published version)</subfield>
   </datafield>
   <datafield tag="653" ind2=" " ind1=" ">
      <subfield code="a">Àrees temàtiques de la UPC::Urbanisme::Ordenació del territori</subfield>
   </datafield>
   <datafield tag="653" ind2=" " ind1=" ">
      <subfield code="a">Public spaces</subfield>
   </datafield>
   <datafield tag="653" ind2=" " ind1=" ">
      <subfield code="a">Streets--Design and construction</subfield>
   </datafield>
   <datafield tag="653" ind2=" " ind1=" ">
      <subfield code="a">Cruces</subfield>
   </datafield>
   <datafield tag="653" ind2=" " ind1=" ">
      <subfield code="a">Esquinas</subfield>
   </datafield>
   <datafield tag="653" ind2=" " ind1=" ">
      <subfield code="a">Fotografía urbana</subfield>
   </datafield>
   <datafield tag="653" ind2=" " ind1=" ">
      <subfield code="a">Bogotá</subfield>
   </datafield>
   <datafield tag="653" ind2=" " ind1=" ">
      <subfield code="a">Espais públics</subfield>
   </datafield>
   <datafield tag="653" ind2=" " ind1=" ">
      <subfield code="a">Carrers--Disseny i construcció</subfield>
   </datafield>
   <datafield ind2="0" ind1="0" tag="245">
      <subfield code="a">Aproximaciones visuales a un cruce de ciudad: Avenida Jiménez / Carrera Séptima. Bogotá.</subfield>
   </datafield>
</record></metadata></record></GetRecord></OAI-PMH>